|
|
|
|
| LEADER |
00000nam0a2200000 4500 |
| 001 |
349834 |
| 005 |
20231102010236.0 |
| 020 |
|
|
|a RU
|b 80-74003
|
| 035 |
|
|
|a (RuTPU)RU\TPU\retro\2804
|
| 090 |
|
|
|a 349834
|
| 100 |
|
|
|a 20180907d1980 m y0rusy5003 ca
|
| 101 |
0 |
|
|a rus
|
| 102 |
|
|
|a RU
|
| 105 |
|
|
|a a z 000ey
|
| 200 |
1 |
|
|a Теплом своих сердец. О жизни и работе рассказывают комсомольцы Новосибирской, Омской и Томской областей
|e Письма из Сибири
|f под ред. Т. Фроловой
|
| 210 |
|
|
|a Новосибирск
|c Зап.-Сиб. кн. изд-во
|d 1980
|
| 215 |
|
|
|a 223 с.
|c ил.
|
| 225 |
1 |
|
|a Так нам сердце велело
|
| 606 |
|
|
|a Комсомольские организации и их работа
|2 stltpush
|3 (RuTPU)RU\TPU\subj\15190
|9 41454
|
| 610 |
0 |
|
|a письма
|
| 610 |
0 |
|
|a Западная Сибирь
|
| 686 |
|
|
|a Ф75(2)14
|2 rubbk
|
| 702 |
|
1 |
|a Фролова
|b Т.
|4 340
|
| 801 |
|
0 |
|a RU
|b RuMRKP
|c 19950704
|g psbo
|
| 801 |
|
1 |
|a RU
|b 63413507
|c 20180907
|
| 801 |
|
2 |
|a RU
|b 63413507
|c 20190524
|g RCR
|
| 942 |
|
|
|c BK
|